000 02258cam a22004694i 4500
003 PE-LiUPU
005 20250731183423.0
008 150512s2000 sp a rb 000 0 spa d
020 _a8478009094
020 _a9788478009091
035 _a(Sirsi) i9788478009091
040 _aPE-LiUPU
_bspa
_cPE-LiUPU
_erda
049 _aPRUA
082 0 0 _a709.2
_bP59
_220
100 1 _aPincus-Witten, Robert,
_d1935- ,
_eautor.
245 1 1 _a¿Construir... o deconstruir? :
_btextos sobre Gorden Matta-Clark /
_ceditado por Darío Corbeira ; Robert Pincus-Witten [y otros once].
250 _a1a edición.
264 1 _aSalamanca, España :
_bEdiciones Universidad de Salamanca,
_c2000.
300 _a304 páginas :
_bilustraciones ;
_c24 centímetros
336 _atext
_2rdacontent
337 _aunmediated
_2rdamedia
338 _avolume
_2rdacarrier
490 0 _aFocus ;
_v5
504 _aBibliografía : páginas 279-302.
505 0 _aGordon Matta-Clark: Arte en interrogativo -- Gordon Matta-Clark -- Gordon Matta-Clark: The Reel World -- Reorganizing estructure... -- Arte para lugares específicos: El fuerte y el débil -- Blow-Out: Gordon Matta-Clark y los cinco de Nueva York -- Objetos impropios de modernidad -- La fotografía de Matta-Clark o las exposiciones de lo muerto -- Designar espacios. Crear complejidad -- Nueva Arquitectura de Matta-Clark -- Matta-Clarking -- Saber vivir.
526 _aP158
526 _aP146
526 _aP17
526 _aP12
526 _aP06
541 _g003-000775;
600 2 7 _aMatta-Clark, Gordon,
_d1945-1978.
_2embne
650 4 _aArte conceptual
_zEstados Unidos.
650 4 _aDeconstructivismo.
700 1 _aCorbeira, Darío,
_eeditor.
910 _acce
_bjck
_ccce
_d20150512
942 _2ddc
_cBOOK
949 _a709.2 P59
_wDEWEY
_c1
_i71048
_d2016-5-16
_e2016-5-11
_lCCODEBUL1
_mBUL
_n2
_p23.80
_r0
_sY
_tBOOK
_u2015-5-12
_xINGENIERIA
_PP06
_0COMPRA
_o.STAFF. Colección General
994 _aC0
_bPEPRU
596 _a1
999 _a709.2 P59
_wDEWEY
_c48293
_i71048
_d48293
_e2016-5-11
_f2021-11-5
_g7
_lCCODEBUL1
_mBUL
_n2
_p23.80
_r0
_sY
_tBOOK
_u2015-5-12
_xBIBLIOTECA
_PP06
_0COMPRA
_o.STAFF. Colección General
980 _81
_gALBERTO SANCHEZ Responsable de Automatización